The mystery of the missing man

Bibliographic Details
Main Author: Blyton, Enid
Format: Book
Series:Enid Blyton series 13
Subjects:

MARC

LEADER 00000cam a2200000 7i4500
001 0000026326
005 20151222.0
008 090508
020 |a 0603561799 
090 0 0 |a JF   |b ENG 
100 1 |a Blyton, Enid 
245 1 4 |a The mystery of the missing man   |c Enid Blyton 
440 |a Enid Blyton series 13 
500 |a Children ages 10-12 years old (pink) 
650 0 |a Children's stories 
650 0 |a Detective and mystery stories 
999 |a 0001041261   |b Book   |c Children Collection   |e Cawangan Bandar Penawar 
999 |a 0001041262   |b Book   |c Children Collection   |e Cawangan Mersing 
999 |a 0001041263   |b Book   |c Children Collection   |e Cawangan Bandar Penawar 
999 |a 0001041264   |b Book   |c Children Collection   |e Cawangan Kota Tinggi